|
|
|
|
| LEADER |
01347nam a2200313 a 4500 |
| 001 |
31833 |
| 003 |
BD-DhAAL |
| 005 |
20211108144158.0 |
| 008 |
160425s2016 -usa 001 0 eng d |
| 999 |
|
|
|c 38024
|d 38024
|
| 020 |
|
|
|a 148221539X
|
| 020 |
|
|
|a 9781482215397
|
| 040 |
|
|
|a DLC
|b eng
|e rda
|c DLC
|d BD-DhAAL
|
| 082 |
0 |
4 |
|a 005.73
|2 23
|
| 100 |
1 |
|
|a Wu, Yonghui.
|9 21199
|
| 245 |
1 |
0 |
|a Data structure practice :
|b for collegiate programming contest and education /
|c Yonghui Wu and Jiande Wang.
|
| 260 |
|
|
|a Boca Raton, FL :
|b Crc Press,
|c 2016.
|
| 300 |
|
|
|a xv, 495 pages :
|b illustrations ;
|c 26 cm.
|
| 500 |
|
|
|a Includes index.
|
| 526 |
|
|
|a CSE
|
| 541 |
|
|
|e 31833, 31834
|
| 650 |
|
0 |
|a Data structures (Computer science).
|9 21200
|
| 650 |
|
0 |
|a Computer programming.
|9 21201
|
| 650 |
|
0 |
|a Computer science.
|9 42386
|
| 700 |
1 |
|
|a Wang, Jiande
|9 21654
|
| 852 |
|
|
|a Ayesha Abed Library
|c General Stacks
|
| 942 |
|
|
|2 ddc
|c BK
|
| 952 |
|
|
|0 0
|1 0
|2 ddc
|4 0
|6 005_730000000000000_WUY
|7 0
|9 60714
|a BRACUL
|b BRACUL
|c GEN
|d 2017-05-22
|e Karim International
|g 4640.00
|l 11
|m 161
|o 005.73 WUY
|p 3010031833
|r 2025-12-04
|s 2025-10-11
|t 1
|v 4640.00
|w 2017-05-22
|y BK
|
| 952 |
|
|
|0 0
|1 0
|2 ddc
|4 0
|6 005_730000000000000_WUY
|7 0
|9 60715
|a BRACUL
|b BRACUL
|c GEN
|d 2017-05-22
|e Karim International
|g 4640.00
|l 14
|m 183
|o 005.73 WUY
|p 3010031834
|q 2026-07-29
|r 2025-07-16
|s 2025-07-16
|t 2
|v 4640.00
|w 2017-05-22
|y BK
|